|
|
|
|
| LEADER |
02640nam a22005055i 4500 |
| 001 |
978-3-642-12362-7 |
| 003 |
DE-He213 |
| 005 |
20151030011439.0 |
| 007 |
cr nn 008mamaa |
| 008 |
100715s2010 gw | s |||| 0|eng d |
| 020 |
|
|
|a 9783642123627
|9 978-3-642-12362-7
|
| 024 |
7 |
|
|a 10.1007/978-3-642-12362-7
|2 doi
|
| 040 |
|
|
|d GrThAP
|
| 050 |
|
4 |
|a TP248.13-248.65
|
| 072 |
|
7 |
|a TCB
|2 bicssc
|
| 072 |
|
7 |
|a SCI010000
|2 bisacsh
|
| 082 |
0 |
4 |
|a 660.6
|2 23
|
| 245 |
1 |
0 |
|a Whole Cell Sensing Systems I
|h [electronic resource] :
|b Reporter Cells and Devices /
|c edited by Shimshon Belkin, Man Bock Gu.
|
| 264 |
|
1 |
|a Berlin, Heidelberg :
|b Springer Berlin Heidelberg :
|b Imprint: Springer,
|c 2010.
|
| 300 |
|
|
|a XII, 220 p. 45 illus.
|b online resource.
|
| 336 |
|
|
|a text
|b txt
|2 rdacontent
|
| 337 |
|
|
|a computer
|b c
|2 rdamedia
|
| 338 |
|
|
|a online resource
|b cr
|2 rdacarrier
|
| 347 |
|
|
|a text file
|b PDF
|2 rda
|
| 490 |
1 |
|
|a Advances in Biochemical Engineering / Biotechnology,
|x 0724-6145 ;
|v 117
|
| 520 |
|
|
|a Reporter cells: - Yeast Based Sensors by Mifumi Shimomura-Shimizu and Isao Karube - Mammalian Cell-Based Sensor Systems by Pratik Banerjee, Briana Franz, and Arun K. Bhunia - Fluorescent and Bioluminescent Cell-Based Sensors: Strategies for Their Preservation by Amol Date, Patrizia Pasini, and Sylvia Daunert - Electrochemical Cell-Based Sensors by Eliora Z. Ron and Judith Rishpon - Microbial Cell Arrays by Tal Elad, Jin Hyung Lee, Man Bock Gu, and Shimshon Belkin Devices: - Surface Functionalization for Protein and Cell Patterning by Pascal Colpo , Ana Ruiz , Laura Ceriotti , and François Rossi - Fiber-Optic Based Cell Sensors by Evgeni Eltzov and Robert S. Marks - Electronic Interfacing with Living Cells by James T. Fleming - On-Chip Detection of Cellular Activity by R. Almog , R. Daniel , S. Vernick , A. Ron , H. Ben-Yoav, and Y. Shacham-Diamand.
|
| 650 |
|
0 |
|a Chemistry.
|
| 650 |
|
0 |
|a Analytical chemistry.
|
| 650 |
|
0 |
|a Biotechnology.
|
| 650 |
|
0 |
|a Cell biology.
|
| 650 |
|
0 |
|a Biology
|x Technique.
|
| 650 |
1 |
4 |
|a Chemistry.
|
| 650 |
2 |
4 |
|a Biotechnology.
|
| 650 |
2 |
4 |
|a Cell Biology.
|
| 650 |
2 |
4 |
|a Biological Techniques.
|
| 650 |
2 |
4 |
|a Analytical Chemistry.
|
| 700 |
1 |
|
|a Belkin, Shimshon.
|e editor.
|
| 700 |
1 |
|
|a Gu, Man Bock.
|e editor.
|
| 710 |
2 |
|
|a SpringerLink (Online service)
|
| 773 |
0 |
|
|t Springer eBooks
|
| 776 |
0 |
8 |
|i Printed edition:
|z 9783642123610
|
| 830 |
|
0 |
|a Advances in Biochemical Engineering / Biotechnology,
|x 0724-6145 ;
|v 117
|
| 856 |
4 |
0 |
|u http://dx.doi.org/10.1007/978-3-642-12362-7
|z Full Text via HEAL-Link
|
| 912 |
|
|
|a ZDB-2-CMS
|
| 950 |
|
|
|a Chemistry and Materials Science (Springer-11644)
|